Scooby-Doo Family - Statistics

General Stats
  • This quiz has been taken 60 times
  • The average score is 5 of 20
Answer Stats
Picture Answer % Correct
Scooby-Doo
100%
Scrappy-Doo
97%
Scooby-Dum
63%
Scooby-Dee
25%
Ruby-Doo
22%
Skippy-Doo
22%
Dada-Doo
19%
Dooby-Doo
19%
Horton-Doo
19%
Howdy-Doo
19%
Yabba-Doo
19%
Dixie-Doo
16%
Missing Link-Doo
16%
Mumsy-Doo
16%
Whoopsy-Doo
16%
Yankee Doodle-Doo
16%
Grandpa Scooby
13%
Great Grandpa Scooby
13%
Spooky Doo
13%
Dandy-Doo
9%
No matching quizzes found
Score Distribution
Percent of People with Each Score
Percentile by Number Answered
Your Score History
You have not taken this quiz